Conjuntos /
Guardado en:
| Autor Principal: | |
|---|---|
| Formato: | Libro |
| Publicado: |
Buenos Aires :
Harper & Row,
1970
|
| Materias: | |
| Etiquetas: |
Agregar Etiqueta
Sin Etiquetas, Sea el primero en etiquetar este registro!
|
| LEADER | 00686nam a22001935a 4500 | ||
|---|---|---|---|
| 001 | CEM.cems006723 | ||
| 005 | 20060214000000.0 | ||
| 008 | 130507s1970##################000#0#####d | ||
| 003 | CEMS | ||
| 082 | 0 | 4 | |a 510.35 |
| 100 | 1 | |a Young, Robert G. | |
| 245 | 1 | 0 | |a Conjuntos / |
| 260 | |a Buenos Aires : |b Harper & Row, |c 1970 | ||
| 300 | |a 97 p. | ||
| 505 | 0 | |a Como se aprende la matemática; El estudio de potencias, raices y logaritmos; El juego matematico; El relato matematico; La potencia del simbolismo matematico; La potencia del razonamiento matematico | |
| 653 | |a Conjuntos | ||
| 653 | |a Diagrama de venn | ||
| 653 | |a Matematica | ||
| 859 | |a CEMS |b BIB. CEMS - 11 de abril |h 510.35 |i Y86 |p 8997.81 |t Ej.1 | ||
